| 000 | 00772nam a22001937a 4500 | ||
|---|---|---|---|
| 005 | 20240424143537.0 | ||
| 008 | 240424b ||||| |||| 00| 0 eng d | ||
| 040 |
_aCO-BoUCM _cDavid Moreno _dDavid Moreno |
||
| 041 | _aeng | ||
| 245 | 1 | 0 |
_aPost war and contemporary art day sale _bWednesday 12 november 2014 at 6:30 PM _cChristie, Manson & Woods |
| 260 |
_aNew york _bChristie's _c2014 |
||
| 300 |
_a567 Paginas _bilustraciones a color, fotos |
||
| 504 | _aIncluye referencias bibliográficas e índices | ||
| 650 | 1 | 4 |
_aSubastas _xArte, moderno _y1900-2099 _9180533 |
| 650 | 1 | 4 |
_aCatálogos de arte _ysiglo XX _ysiglo XXI _9180534 |
| 710 | 1 |
_aChristie, Manson & Woods _9180535 |
|
| 942 |
_2DEWEY _a17 _cLIBRO _e1 _h700.2 _mC555p _n0 |
||
| 999 |
_c324121 _d324121 |
||